ARRUPE JESUIT UNIVERSITY

CORONAVIRUS -STOP THE SPREAD - CLEAN,DISINFECT,COVER

Aids in Africa (Record no. 58587)

MARC details
000 -LEADER
fixed length control field 00610nam a2200253Ia 4500
003 - CONTROL NUMBER IDENTIFIER
control field 0100
008 - FIXED-LENGTH DATA ELEMENTS--GENERAL INFORMATION
fixed length control field 130303s9999 xx 000 0 und d
020 ## - INTERNATIONAL STANDARD BOOK NUMBER
International Standard Book Number 999087624X
040 ## - CATALOGING SOURCE
Transcribing agency ARRUPELIB
050 ## - LIBRARY OF CONGRESS CALL NUMBER
Classification number RA643.86.A35H17
300 ## - PHYSICAL DESCRIPTION
Other physical details 21cm
100 ## - MAIN ENTRY--PERSONAL NAME
Personal name Ham, Frank
245 ## - TITLE STATEMENT
Title Aids in Africa
245 ## - TITLE STATEMENT
Remainder of title how did it ever happen
260 ## - PUBLICATION, DISTRIBUTION, ETC. (IMPRINT)
Place of publication, distribution, etc Zomba
260 ## - PUBLICATION, DISTRIBUTION, ETC. (IMPRINT)
Name of publisher, distributor, etc Kachere Series
260 ## - PUBLICATION, DISTRIBUTION, ETC. (IMPRINT)
-- 2004
300 ## - PHYSICAL DESCRIPTION
Extent 229p.
440 ## - SERIES STATEMENT/ADDED ENTRY--TITLE
Title Kachere Series no. 19
650 ## - SUBJECT ADDED ENTRY--TOPICAL TERM
Topical term following geographic name as entry element Art--Italy
650 ## - SUBJECT ADDED ENTRY--TOPICAL TERM
Location of event Archtecture--Italy
650 ## - SUBJECT ADDED ENTRY--TOPICAL TERM
Active dates Italy--Description and travel--Guide-books
942 ## - ADDED ENTRY ELEMENTS (KOHA)
Source of classification or shelving scheme Library of Congress Classification
Koha issues (borrowed), all copies 4
Holdings
Withdrawn status Lost status Source of classification or shelving scheme Damaged status Not for loan Collection code Home library Current library Shelving location Date acquired Total Checkouts Full call number Barcode Date last seen Date checked out Copy number Price effective from Koha item type
    Library of Congress Classification     Main Collection ARRUPE LIBRARY ARRUPE LIBRARY   05/03/2013 1 RA643.86.A35H17 46003076093 02/07/2019 07/05/2015 1 05/03/2013 Monograph ( Printed materials)
    Library of Congress Classification     Main Collection ARRUPE LIBRARY ARRUPE LIBRARY   05/03/2013 3 RA643.86.A35H17 46003096316 02/07/2019 30/04/2015 2 05/03/2013 Monograph ( Printed materials)

 

Arrupe Library. PO Box MP320 Mt Pleasant, Harare, Zimbabwe
263 242 745411|librarian@aju.ac.zw